000 01719cam a22004214a 4500
001 13725644
003 OSt
005 20180117090009.0
008 040921s2005 enkab b 001 0 eng
010 _a 2004022195
020 _a140512430X (pbk. : alk. paper)
040 _aDLC
_cDLC
_dDLC
042 _apcc
043 _ae-uk---
050 0 0 _aHD596
_b.P56 2005
082 0 0 _a333.3/0941
_222
245 0 0 _aPlanning, public policy & property markets /
_cedited by David Adams, Craig Watkins, and Michael White.
246 3 _aPlanning, public policy and property markets
260 _aOxford, UK ;
_aMalden, MA :
_bBlackwell Publishing,
_c2005.
300 _axix, 280 p. :
_bill., maps ;
_c25 cm.
490 1 _aReal estate issues
500 _a"RICS Research"--Cover.
504 _aIncludes bibliographical references (p. [253]-272) and index.
650 0 _aLand use
_xGovernment policy
_zGreat Britain.
650 0 _aReal estate development
_xGovernment policy
_zGreat Britain.
650 0 _aHousing policy
_zGreat Britain.
650 0 _aCommercial real estate
_zGreat Britain.
700 1 _aAdams, David,
_d1954-
700 1 _aWatkins, Craig.
700 1 _aWhite, Michael,
_d1965-
710 2 _aRICS Research.
830 0 _aReal estate issues (Oxford, England)
856 4 1 _3Table of contents
_uhttp://www.loc.gov/catdir/toc/ecip051/2004022195.html
906 _a7
_bcbc
_corignew
_d1
_eecip
_f20
_gy-gencatlg
942 _2ddc
_cBK
999 _c3589
_d3589